00711nam a2200241 a 450000100060000000300080000600500170001400800410003102000170007203500190008904000250010804100080013308200260014110000190016724500640018625000120025026000380026230000250030049000390032565100460036470000200041083000390043063109BD-RjUL20211209081148.0170128s1970 enk 000 1 eng d a0701116803 : a(BD-RjUL)63237 aLCbengcLCdBD-RjUL1 aeng00a843.912223bPRT 19701 aProust, Marcel10aTime regained /cMarcel Proust, translated by Andreas Mayor a1st ed. aLondon :bChatto & Windus,c1970. axv, 474 p. ;c21 cm.0 aRemembrance of things past.vv. 12 0aFrancexSocial life and customsxFiction. aMayor, Andreas  aRemembrance of things past.vv. 12